000 00562nam a2200181Ia 4500
003 GCL
008 140319s9999 xx 000 0 ara d
040 _aGCL /
_cGCL
082 0 4 _a346.07
_bم و
100 1 _aمصطفى الجمال
245 1 0 _aالوسيط فى احكام الايجار /
_cمصطفى الجمال
260 _a[S.N] :
_bمنشاة المعارف الاسلامية ،
_c1991
300 _a598 ص
490 _aالكتب القانونية
_v0
650 0 4 _aالقانون
650 0 4 _aالقانون المدنى
942 _2ddc
_cBK
999 _c31927
_d31927